[Event "13th HIT Open A"]
[Site "Nova Gorica SLO"]
[Date "2008.01.27"]
[Round "2"]
[White "Milanovic,Da"]
[Black "Erdos,V"]
[Result "1/2-1/2"]
[WhiteElo "2510"]
[BlackElo "2575"]

1.d4 Nf6 2.c4 c6 3.Nc3 d5 4.e3 e6 5.Nf3 a6 6.a4 c5 7.Bd3 Nc6 8.O-O dxc4 9.Bxc4 Be7
10.d5 exd5 11.Nxd5 O-O 12.Nxe7+ Qxe7 13.h3 Ne4 14.Qe2 Rd8 15.Bd2 Rd6 16.Rfd1 Rg6
17.Kf1 Bf5 18.Be1 Qf6 19.Rac1 Bxh3 20.gxh3 Qf5 21.Bxf7+ Kxf7 22.Qc4+ Kf8
23.Ke2 Re8 24.Nh4 Qh5+ 25.f3 Rg5 26.Kf1 Nf6 27.Bf2 Rge5 28.f4 Re4 29.Qxc5+ Qxc5
30.Rxc5 Rxa4 31.Nf3 Rb4 32.Rc2 Rb3 33.Nd4 Nxd4 34.Rxd4 Ne4 35.Rd7 Re7 36.Rd8+ Kf7
37.Bh4 Nf6 38.Bf2 Kg6 39.Ke2 Ne4 40.Rd3 Rb5 41.Be1 h6 42.Kf3 Kf7 43.Rd4 Nf6
44.Bc3 Rh5 45.Kg2 Rb5 46.Kf3 Rh5 47.Kg2 Rb5 48.Kf3  1/2-1/2

[Event "6th Gibtelecom Masters"]
[Site "Gibraltar ENG"]
[Date "2008.01.28"]
[Round "7"]
[White "Gurevich,M"]
[Black "Zhao Zong Yuan"]
[Result "1/2-1/2"]
[WhiteElo "2607"]
[BlackElo "2487"]

1.c4 Nf6 2.Nc3 e6 3.Nf3 d5 4.d4 c6 5.e3 Nbd7 6.Qc2 Bd6 7.e4 dxe4 8.Nxe4 Nxe4
9.Qxe4 e5 10.c5 Be7 11.Be3 exd4 12.Bxd4 Qa5+ 13.Bc3 Qxc5 14.Bxg7 Qb4+ 15.Nd2 Qxe4+
16.Nxe4 Bb4+ 17.Kd1 Rg8 18.Bd4 f5 19.a3 Be7 20.Nd2 Nc5 21.Kc2 f4 22.Re1 Bf5+
23.Kc1 O-O-O 24.Rxe7 Rxd4 25.Re5 Nd3+ 26.Bxd3 Bxd3 27.g3 Bg6 28.gxf4 Rxf4
29.f3 Rh4 30.Re2 Re8 31.Rxe8+ Bxe8 32.Re1 Bg6 33.Re2 Kc7 34.Ne4 Rf4 35.Re3 Rh4
36.Re2 Rf4 37.Re3 Rh4 38.Re2  1/2-1/2

[Event "FINEC WGM"]
[Site "St Petersburg RUS"]
[Date "2008.01.28"]
[Round "5"]
[White "Lupik,M"]
[Black "Doluhanova,E"]
[Result "0-1"]
[WhiteElo "2222"]
[BlackElo "2223"]

1.d4 d5 2.c4 c6 3.Nc3 Nf6 4.e3 e6 5.Nf3 Nbd7 6.Bd3 Bd6 7.O-O O-O 8.e4 dxc4
9.Bxc4 e5 10.Bg5 h6 11.Bh4 Qe7 12.d5 Rd8 13.Re1 Nf8 14.Bb3 Ng6 15.Bg3 Nh7
16.Qd3 Ng5 17.Nd2 h5 18.h3 Bc5 19.Rac1 Bxh3 20.gxh3 Nxh3+ 21.Kf1 h4 22.Bh2 Nxf2
23.Qf3 Rd6 24.Ke2 Rf6 25.Qh5 Qd7 26.Nf3 Qh3 27.Rg1 Rxf3 28.Qxf3 Qxh2 29.Rxg6 fxg6
30.dxc6+ Kh7 31.cxb7 Nxe4+ 32.Kd3 Qd2+ 33.Kc4 Qd4+ 34.Kb5 a6+  0-1

[Event "6th Gibtelecom Masters"]
[Site "Gibraltar ENG"]
[Date "2008.01.29"]
[Round "8"]
[White "Agdestein,S"]
[Black "Petrosian,TL"]
[Result "1/2-1/2"]
[WhiteElo "2589"]
[BlackElo "2606"]

1.d4 d5 2.c4 c6 3.Nc3 Nf6 4.e3 e6 5.Nf3 Nbd7 6.b3 Bd6 7.Be2 O-O 8.O-O Qe7
9.Qc2 b6 10.e4 Nxe4 11.Nxe4 dxe4 12.Qxe4 Bb7 13.Bd3 f5 14.Qe3 c5 15.Re1 Rae8
16.Bb2 Bxf3 17.dxc5 Bxc5 18.Qxf3 g6 19.Rad1 e5 20.Bc2 e4 21.Qc3 Nf6 22.Re2 Bb4
23.Qe3 Rd8 24.Rxd8 Rxd8 25.h3 Bc5 26.Qh6 Bd4 27.Bc1 Nd7 28.Kh1 Bg7 29.Qf4 Nc5
30.Ba3 Qf6 31.g3 Ne6 32.Qe3 Qc3 33.b4 Bd4 34.Qxc3 Bxc3 35.Re3 Bd4 36.Re2 a5
37.bxa5 Bc5 38.Bb2 bxa5 39.Ba4 Kf7 40.Kg2 f4 41.Rc2 f3+ 42.Kh2 e3 43.fxe3 Bxe3
44.Bc3 Nc5 45.Bc6 f2 46.Bg2 a4 47.Re2 Rd3 48.Bb4 Bd4 49.Bxc5 Bxc5 50.Bf1 Ra3
51.Kg2 Kf6 52.Rd2 Ke6 53.Rd5 Bd6 54.Rd2 Bc5 55.Be2 h5 56.Bf1 Bb6 57.Be2 Ba7
58.Bf1 g5 59.c5 Bxc5 60.Bc4+ Kf6 61.Rd3 Rxd3 62.Bxd3 a3 63.Be2 h4 64.gxh4  1/2-1/2

[Event "6th ch-PriFO Men"]
[Site "Kazan RUS"]
[Date "2008.01.29"]
[Round "7"]
[White "Konnov,O"]
[Black "Geller,J"]
[Result "0-1"]
[WhiteElo "2325"]
[BlackElo "2511"]

1.d4 d5 2.c4 e6 3.Nc3 c6 4.e3 Nf6 5.Nf3 Nbd7 6.Qc2 Bd6 7.Be2 O-O 8.O-O dxc4
9.Bxc4 b5 10.Be2 a6 11.Rd1 Qc7 12.e4 e5 13.g3 Re8 14.a3 exd4 15.Nxd4 Be5
16.f4 Bxd4+ 17.Rxd4 c5 18.Rd1 Bb7 19.Bf3 c4 20.Be3 Nc5 21.Bxc5 Qxc5+ 22.Kg2 h5
23.Qe2 Ng4 24.Re1 Rad8 25.h3 Nf6 26.e5 Bxf3+ 27.Qxf3 Rd2+ 28.Re2 Rxe2+ 29.Qxe2 Nd5
30.Ne4 Qc6 31.Qf3 Rd8 32.h4 Kf8 33.Rc1 a5 34.Nd6 Ne3+ 35.Kf2 Ng4+ 36.Kg2 Ne3+
37.Kf2 Ng4+ 38.Kg2 Qc5 39.Kh1 g6 40.Rc2 Qd4 41.Re2 b4 42.axb4 axb4 43.Kg2 Qd1
44.Re4 Rxd6 45.exd6 Qxd6 46.f5 gxf5 47.Re2 Qd7 48.Qf4 Qd5+ 49.Qf3 Qc5 50.Qf4 c3
51.bxc3 bxc3 52.Qf3 c2 53.Qa8+ Kg7 54.Qa1+ Kh7 55.Qc1 Qc4 56.Re1 Qd5+ 57.Kh3 Nf2+
58.Kh2 Ng4+ 59.Kh3 Nf2+ 60.Kh2 Nd3 61.Qd2 Qf3 62.Rf1 c1=Q 63.Rxc1 Nxc1 64.Qxc1 Qe2+
65.Kh3 Qe4 66.Kh2 f4 67.gxf4 Qe2+ 68.Kh1 Qf2 69.Qb1+ Kh6 70.Qe4 Qxh4+ 71.Kg2 Qg4+
72.Kh2 f6 73.Qd4 Kg7 74.Qe4 Qd7 75.Qe2 Kh6 76.Qe4 Qg4 77.Qd4 Qf5 78.Qc4 h4
79.Qd4 Qg6 80.f5 Qg3+ 81.Kh1 Qf3+ 82.Kh2 Kg5 83.Qd7 Qf2+ 84.Kh1 Qf1+ 85.Kh2 Qxf5
86.Qg7+ Kf4 87.Qa7 Qc2+ 88.Kh3 Qd3+ 89.Kh2 Qg3+ 90.Kh1 Qh3+ 91.Kg1 Qe3+  0-1

[Event "FINEC GMB"]
[Site "St Petersburg RUS"]
[Date "2008.01.30"]
[Round "7"]
[White "Zacurdajev,M"]
[Black "Vysochin,S"]
[Result "0-1"]
[WhiteElo "2408"]
[BlackElo "2519"]

1.d4 d5 2.c4 c6 3.Nc3 Nf6 4.e3 e6 5.Nf3 a6 6.Bd3 dxc4 7.Bxc4 b5 8.Bd3 c5
9.a4 b4 10.Ne4 Nbd7 11.Nxf6+ Nxf6 12.dxc5 Bxc5 13.O-O Bb7 14.Qe2 O-O 15.e4 e5
16.Bg5 h6 17.Bh4 Qe7 18.Rfc1 Rfc8 19.a5 g5 20.Bg3 Nh5 21.Nd2 Nxg3 22.hxg3 Rd8
23.Nb3 Ba7 24.Bc4 Rd6 25.Rc2 Rc8 26.Kh1 Kg7 27.g4 Qf6 28.Rf1 Qf4 29.Bd3 Rxd3
30.Rxc8 Rxb3 31.Rc7 Bxe4 32.f3 Bd3 33.Qd1 Qg3 34.Rxa7 Rxb2  0-1

[Event "6th Gibtelecom Masters"]
[Site "Gibraltar ENG"]
[Date "2008.01.31"]
[Round "10"]
[White "Kulago,A"]
[Black "Arvola,B"]
[Result "1/2-1/2"]
[WhiteElo "2206"]
[BlackElo "2062"]

1.Nf3 Nf6 2.c4 c6 3.d4 d5 4.e3 e6 5.Nc3 Nbd7 6.Qc2 Bd6 7.Bd2 O-O 8.O-O-O dxc4
9.e4 e5 10.dxe5 Nxe5 11.Nxe5 Bxe5 12.Be3 Qa5 13.Bxc4 Ng4 14.Bd4 Bxd4 15.Rxd4 Qe5
16.Qd2 Be6 17.f4 Qf6 18.e5 Qe7 19.Bxe6 Qxe6 20.h3 Nh6 21.g4 f5 22.exf6 Nf7
23.fxg7 Rfd8 24.f5 Qe5 25.Rd1 b5 26.Qf4 Qc5 27.Rxd8+ Rxd8 28.Rxd8+ Nxd8 29.Kb1 b4
30.Ne4 Qd4 31.Qf3 Kxg7 32.f6+ Kf8 33.b3 Ne6 34.Qe2 Nf4 35.Qc2 Nd3 36.Qe2 Nf4
37.Qc2 Nd3 38.Qe2  1/2-1/2

[Event "4th Open A"]
[Site "Moscow RUS"]
[Date "2008.02.02"]
[Round "1"]
[White "Pileckis,E"]
[Black "Smirnov,P"]
[Result "0-1"]
[WhiteElo "2364"]
[BlackElo "2599"]

1.Nf3 Nf6 2.c4 e6 3.Nc3 d5 4.d4 c6 5.e3 Nbd7 6.Qc2 Bd6 7.b3 O-O 8.Be2 b6
9.O-O Bb7 10.Bb2 Qe7 11.Rfe1 c5 12.cxd5 exd5 13.Bd3 Ne4 14.Nb5 Bb8 15.dxc5 bxc5
16.Bxe4 dxe4 17.Nd2 a6 18.Na3 f5 19.Nac4 Bc7 20.Rad1 Rae8 21.Nf1 Nf6 22.Ng3 Nd5
23.a3 Qf7 24.Ne2 Re6 25.g3 g5 26.Nc3 Nf6 27.Na4 Qe7 28.Qc3 Bc6 29.Rd2 h5
30.Na5 Bb5 31.Red1 h4 32.Nc4 Kh7 33.Na5 f4 34.Nb7 Be5 35.Qxc5 hxg3 36.hxg3 f3
37.Qxe7+ Rxe7 38.Bxe5 Rxe5 39.Nac5 Kg6 40.Rd8 Rf7 41.R1d6 g4 42.Rh8 Kg7 43.Rh4 Rc7
44.b4 Rc8 45.Nd8 Bc4 46.Nde6+ Bxe6 47.Nxe6+ Kf7 48.Nc5 a5 49.Rh6 Rf5 50.Ra6 Kg7
51.Rh4 Rd5 52.Ra7+ Kg6 53.Rxa5 Rd1+ 54.Kh2 Rf1 55.Ra6 Rxf2+ 56.Kg1 Rg2+ 57.Kf1 Rd8
58.Rxg4+ Kf7 59.Rxf6+ Kxf6 60.Nxe4+ Ke5 61.Nf2 Rd2 62.Re4+ Kd5 63.Rd4+ Rxd4
64.exd4 Kxd4 65.b5 Rxg3 66.Nd1 Ke4 67.a4 Rg8 68.Kf2 Rg2+ 69.Kf1 Rd2 70.Ke1 Re2+  0-1

[Event "4th Open A"]
[Site "Moscow RUS"]
[Date "2008.02.02"]
[Round "1"]
[White "Kalashian,D"]
[Black "Potkin,V"]
[Result "0-1"]
[WhiteElo "2379"]
[BlackElo "2609"]

1.d4 d5 2.Nf3 Nf6 3.c4 e6 4.Nc3 c6 5.e3 Nbd7 6.Qc2 Bd6 7.b3 O-O 8.Bb2 e5
9.cxd5 cxd5 10.dxe5 Nxe5 11.Be2 Be6 12.Nxe5 Bxe5 13.f4 Bc7 14.O-O Bb6 15.Qd3 Re8
16.f5 Bd7 17.Nd1 a6 18.a4 Rc8 19.Bd4 Bxd4 20.Qxd4 Re4 21.Qd3 Qb6 22.Rb1 Rce8
23.Kh1 d4 24.Bf3 Bxf5 25.Rc1 Rf4 26.Qc4 Be6 27.Qd3 Bf5 28.Qc4 Be6 29.Qd3 dxe3
30.Nxe3 Bxb3 31.Rfe1 Bxa4 32.Nf5 g6 33.Rxe8+ Bxe8 34.Ne7+ Kg7 35.Nc8 Qd4
36.Qe2 Bc6 37.Bxc6 bxc6 38.Qxa6 Ng4 39.h3 Nf2+ 40.Kh2 Nxh3 41.Qxc6 Ng5 42.Qc7 Nf3+
43.Kg3 Rg4+ 44.Kh3 Ng5+ 45.Kh2 Nf3+ 46.Kh3 Ng5+ 47.Kh2 Qf2 48.Qe5+ Kh6  0-1

[Event "4th Open C Women"]
[Site "Moscow RUS"]
[Date "2008.02.02"]
[Round "1"]
[White "Kovalenko,Y2"]
[Black "Strutinskaya,G"]
[Result "1/2-1/2"]
[WhiteElo "1980"]
[BlackElo "2309"]

1.d4 Nf6 2.c4 e6 3.Nc3 d5 4.Nf3 c6 5.e3 a6 6.a4 Nbd7 7.Bd3 Bd6 8.O-O O-O
9.e4 dxe4 10.Nxe4 Nxe4 11.Bxe4 h6 12.Re1 c5 13.Bb1 cxd4 14.Nxd4 Qc7 15.Qd3 Nf6
16.h3 Rd8 17.Qc3 Qc5 18.Nf3 a5 19.Bxh6 Qh5 20.Bd2 b6 21.Be4 Ra7 22.Qe3 Nxe4
23.Qxb6 Rad7 24.Rxe4 Bc5 25.Qxa5 Bxf2+ 26.Kf1 Qh7 27.Re2 Bg3 28.Qg5 Bc7 29.Bc3 f6
30.Bxf6 Rf8 31.Bc3 Qd3 32.Qe3 Qxc4 33.Qxe6+ Qxe6 34.Rxe6 Rdf7 35.Ree1 Bb6
36.Ke2 Bxh3 37.gxh3 Rxf3 38.Rf1 Re3+ 39.Kd2 Rd8+ 40.Kc2 Rxh3 41.Rad1 Rh2+
42.Rd2 Rdxd2+ 43.Bxd2 g5 44.Kd3 Rg2 45.a5 Bxa5 46.Bxa5 Rxb2  1/2-1/2

[Event "4th Open A"]
[Site "Moscow RUS"]
[Date "2008.02.02"]
[Round "1"]
[White "Romanko,M"]
[Black "Gasanov,E"]
[Result "0-1"]
[WhiteElo "2322"]
[BlackElo "2541"]

1.d4 Nf6 2.c4 e6 3.Nf3 d5 4.Nc3 c6 5.e3 a6 6.Qc2 c5 7.dxc5 Bxc5 8.a3 O-O
9.Bd2 Nc6 10.cxd5 exd5 11.Be2 Bg4 12.Ng5 Qd7 13.Bd3 h6 14.h3 Bh5 15.Nh7 Nxh7
16.Bxh7+ Kh8 17.g4 Bg6 18.Bxg6 fxg6 19.Ne2 Qe7 20.g5 Ne5 21.gxh6 Nf3+ 22.Kd1 Nxd2
23.hxg7+ Kxg7 24.Kxd2 Rxf2 25.Rae1 Bxe3+ 26.Kd1 Qe4  0-1

[Event "4th Open A"]
[Site "Moscow RUS"]
[Date "2008.02.03"]
[Round "2"]
[White "Naumkin,I"]
[Black "Kobalia,M"]
[Result "1-0"]
[WhiteElo "2475"]
[BlackElo "2623"]

1.d4 d5 2.c4 c6 3.Nf3 Nf6 4.Nc3 e6 5.e3 a6 6.a3 Nbd7 7.h3 Bd6 8.c5 Bc7 9.b4 e5
10.Bb2 O-O 11.Be2 Re8 12.Qc2 exd4 13.Nxd4 Nf8 14.O-O-O Qe7 15.g4 g6 16.g5 N6d7
17.h4 Be5 18.h5 Bg7 19.hxg6 hxg6 20.Kb1 a5 21.b5 Qxc5 22.Rh4 Ne5 23.Rdh1 cxb5
24.Bxb5 Bd7 25.f4 Nc4 26.Nxd5 Nxa3+ 27.Bxa3 Qxd5 28.Bb2 Rxe3 29.Nf3 Bxb2
30.Qxb2 Qf5+ 31.Ka1 f6 32.Bc4+ Kg7 33.Rh8  1-0

[Event "4th Open A"]
[Site "Moscow RUS"]
[Date "2008.02.03"]
[Round "2"]
[White "Kunin,V"]
[Black "Reutsky,S"]
[Result "1-0"]
[WhiteElo "2538"]
[BlackElo "2311"]

1.d4 d5 2.c4 c6 3.Nf3 Nf6 4.e3 e6 5.Nc3 Bd6 6.Qc2 O-O 7.Bd3 Nbd7 8.O-O Qe7
9.Rd1 b6 10.e4 dxc4 11.Bxc4 e5 12.d5 Bb7 13.Bg5 h6 14.dxc6 Bxc6 15.Nh4 Bb4
16.Ng6 Qc5 17.Nxf8 Rxf8 18.Bxf6 Qxc4 19.Bh4 Nc5 20.f3 Ba4 21.Qe2 Qxe2 22.Nxe2 Bxd1
23.Rxd1 Ne6 24.a3 Bc5+ 25.Kf1 a5 26.Be1 Rc8 27.Rd5 f6 28.b4 axb4 29.axb4 Be3
30.Rd6 Nd4 31.Nc3 Ra8 32.Nd5 Nb5 33.Rc6 Bd4 34.Nxb6 Ra1 35.Nd5 Rb1 36.h4 h5
37.Rc2 Bb2 38.Rc5 Nd4 39.Kf2 Ba3 40.Bc3 Bb2 41.Rc8+ Kh7 42.Bxd4 exd4 43.b5 Bc1
44.Ke2 Rb2+ 45.Kd1 Be3 46.Rb8 Bf2 47.b6 d3 48.Rb7 d2 49.Rd7 Be1 50.Nxf6+ Kg6
51.Ne8 Rb1+ 52.Ke2 Rxb6 53.Rxg7+ Kh6 54.Rd7 Rb1 55.Ng7 Kg6 56.Nf5 Kf6 57.Rd5 Rb3
58.Ne3 Ra3 59.Nc4 Ra1 60.Nxd2  1-0

[Event "Velammal 45th National A ch-IND"]
[Site "Chennai IND"]
[Date "2008.02.04"]
[Round "2"]
[White "Sharma,RP"]
[Black "Suvrajit,S"]
[Result "0-1"]
[WhiteElo "2314"]
[BlackElo "2363"]

1.Nf3 d5 2.d4 Nf6 3.c4 c6 4.e3 e6 5.Nc3 Nbd7 6.Qc2 Bd6 7.g4 Nxg4 8.Rg1 h5
9.h3 Nh6 10.Bd2 Nf5 11.e4 dxe4 12.Nxe4 Nf6 13.Nxd6+ Qxd6 14.O-O-O Bd7 15.Bd3 g6
16.Kb1 b5 17.Bg5 Nh7 18.c5 Qc7 19.Qd2 Nxg5 20.Qxg5 Qd8 21.Qf4 Qf6 22.Be4 Rc8
23.Ne5 Ke7 24.Qf3 Be8 25.Qc3 Kf8 26.d5 Kg7 27.Bxf5 Qxf5+ 28.Ka1 f6 29.Nxc6 Bxc6
30.dxc6 Rxc6 31.Rd7+ Kh6 32.Qe3+ g5 33.b4 a5 34.Rg3 e5 35.Rd6 Rxd6 36.cxd6 axb4
37.Qd2 e4 38.Rb3 Rd8 39.Rxb4 Qe5+ 40.Qd4 Qxd6 41.Qxe4 Qd2 42.Rb2 Qc3 43.Qc2 b4
44.a4 Ra8 45.Qd1 Qa3+ 46.Ra2 Qxh3 47.f3 Qf5 48.Rb2 Qb5 49.Ra2 Qc6 50.Kb1 Qc3
51.f4 g4 52.Rh2 Re8 53.Rh1 Re3  0-1

[Event "4th Open C Women"]
[Site "Moscow RUS"]
[Date "2008.02.04"]
[Round "3"]
[White "Matveeva,S"]
[Black "Ivanova,D"]
[Result "1-0"]
[WhiteElo "2433"]
[BlackElo "2104"]

1.d4 d5 2.c4 c6 3.Nc3 Nf6 4.e3 e6 5.Nf3 Nbd7 6.Qc2 Bd6 7.Bd2 O-O 8.O-O-O c5
9.h3 b6 10.e4 Bb7 11.cxd5 cxd4 12.Nxd4 exd5 13.Nf5 Bb4 14.exd5 Rc8 15.d6 Be4
16.Bd3 Bxf5 17.Bxf5 g6 18.Bg4 h5 19.Bf3 Re8 20.Kb1 Bxd6 21.Bg5 Qc7 22.Qd3 Be5
23.Nb5 Qb8 24.Qa3 Rc5 25.Qa4 a5 26.Be3  1-0

[Event "4th Open C Women"]
[Site "Moscow RUS"]
[Date "2008.02.04"]
[Round "3"]
[White "Borisova,E"]
[Black "Tairova,E"]
[Result "0-1"]
[WhiteElo "2305"]
[BlackElo "2386"]

1.d4 d5 2.c4 c6 3.Nf3 Nf6 4.Nc3 e6 5.e3 Nbd7 6.Qc2 Bd6 7.g4 h6 8.Bd2 b5 9.cxb5 c5
10.h3 Bb7 11.Bg2 Rc8 12.Qa4 Bb8 13.Rc1 O-O 14.Ne2 Ne4 15.b4 c4 16.Bc3 f5
17.Qc2 fxg4 18.hxg4 Ndf6 19.Ne5 Nxf2 20.Kxf2 Bxe5 21.dxe5 Nxg4+ 22.Kg1 Qg5
23.Rh3 Rf2 24.Rg3 Rxg2+ 25.Kxg2 d4+ 26.Kg1 d3 27.Qd2 Qh4 28.Rg2 Bxg2 29.Kxg2 Qh2+
30.Kf3 Qh3+  0-1

[Event "16th FAJR Open"]
[Site "Urmia IRI"]
[Date "2008.02.04"]
[Round "3"]
[White "Grigoryan,Av"]
[Black "Soozankar,A"]
[Result "1-0"]
[WhiteElo "2509"]
[BlackElo "2253"]

1.d4 e6 2.c4 d5 3.Nf3 Nf6 4.Nc3 c6 5.e3 Nbd7 6.Bd3 dxc4 7.Bxc4 b5 8.Bd3 a6
9.e4 c5 10.d5 c4 11.Bc2 Qc7 12.O-O Bb7 13.dxe6 fxe6 14.Nd4 Nc5 15.Be3 e5
16.Nf5 Ncxe4 17.Nxe4 Nxe4 18.Qg4 Nf6 19.Qh3 g6 20.Bg5 gxf5 21.Bxf6 Rg8 22.Rfe1 Rxg2+
23.Kf1 Rg6 24.Rxe5+ Kf7 25.Qxh7+  1-0

[Event "FSGM February"]
[Site "Budapest HUN"]
[Date "2008.02.05"]
[Round "4"]
[White "Rajlich,I"]
[Black "Prohaszka,P2"]
[Result "0-1"]
[WhiteElo "2437"]
[BlackElo "2495"]

1.c4 c6 2.Nc3 d5 3.e3 Nf6 4.Nf3 e6 5.d4 Nbd7 6.Qc2 Bd6 7.g4 h6 8.Rg1 b5 9.c5 Bc7
10.h4 Ba5 11.a3 Bxc3+ 12.bxc3 e5 13.a4 e4 14.Nd2 bxa4 15.g5 hxg5 16.hxg5 Ng8
17.c4 Ne7 18.cxd5 cxd5 19.c6 Nb6 20.c7 Qd7 21.Qc5 Bb7 22.Ba3 Bc6 23.Rc1 Nbc8
24.Ba6 Qxc7 25.Bb5 Kd7 26.Bxa4 Qb6 27.Bxc6+ Qxc6 28.Qa5 Qb6 29.Qa4+ Ke6 30.Nxe4 dxe4
31.d5+ Kf5 32.Bxe7 Nxe7 33.Qd7+ Kg6 34.Rc6+ Nxc6 35.Qd6+ Kh7 36.g6+ Kg8 37.gxf7+ Kxf7
38.Qg6+ Ke7 39.Qxg7+ Kd6 40.Rg6+ Kxd5 41.Qd7+ Kc5 42.Rg5+ Kb4 43.Qd6+ Ka4
44.Qd1+ Qb3 45.Ra5+ Nxa5 46.Qa1+ Kb4 47.Qd4+ Nc4  0-1

[Event "FSGM February"]
[Site "Budapest HUN"]
[Date "2008.02.06"]
[Round "5"]
[White "Kosic,D"]
[Black "Nguyen Huynh Minh Huy"]
[Result "1/2-1/2"]
[WhiteElo "2511"]
[BlackElo "2398"]

1.d4 d5 2.Nf3 Nf6 3.c4 e6 4.Nc3 c6 5.e3 a6 6.Bd2 c5 7.cxd5 exd5 8.dxc5 Bxc5
9.Rc1 Nc6 10.Na4 Ba7 11.Bxa6 Bxe3 12.Bxe3 Rxa6 13.O-O O-O 14.a3 Ne4 15.Nc5 Nxc5  1/2-1/2

[Event "4th Open A"]
[Site "Moscow RUS"]
[Date "2008.02.06"]
[Round "5"]
[White "Abdulla,AlR"]
[Black "Potkin,V"]
[Result "1/2-1/2"]
[WhiteElo "2506"]
[BlackElo "2609"]

1.d4 d5 2.c4 e6 3.Nc3 c6 4.e3 Nf6 5.Nf3 Nbd7 6.Be2 dxc4 7.a4 Bd6 8.Bxc4 O-O
9.O-O e5 10.e4 exd4 11.Qxd4 Qe7 12.Bg5 Ne5 13.Rfd1 Nxf3+ 14.gxf3 Be5 15.Qd3 Be6
16.Kg2 Rad8 17.Qe2 Bxc3 18.Bxe6 Be5 19.Bc4 h6 20.Bh4 a6 21.Rac1 Qc7 22.Rxd8 Rxd8
23.Bg3 Nh5 24.Rd1 Nf4+ 25.Bxf4 Bxf4 26.h3 Be5 27.Rxd8+ Qxd8 28.b4 b5 29.axb5 axb5
30.Ba2 Qg5+ 31.Kf1 Qc1+ 32.Kg2 Qg5+ 33.Kf1 Qc1+ 34.Kg2 Qc3 35.f4 Bxf4 36.Qg4 Qf6
37.Qc8+ Kh7 38.Qf5+ Qxf5 39.exf5 Kg8 40.Bb1 Bd6 41.Be4 c5 42.bxc5 Bxc5 43.Bd5 Kf8
44.f4 Ke7 45.Kf3 b4 46.Bb3 Bg1 47.Ke4 Bf2 48.Ba2 h5 49.Bb3 Bg3 50.Ba2 f6
51.Bb3 Kd6 52.Ba2 Kc5 53.Bf7 Kb5 54.Bb3 Be1 55.Kd5 Bd2 56.Ke4 Bc1 57.Kf3 Kc5
58.Ke4  1/2-1/2

[Event "4th Open A"]
[Site "Moscow RUS"]
[Date "2008.02.06"]
[Round "5"]
[White "Zabotin,A"]
[Black "Smirnov,P"]
[Result "1/2-1/2"]
[WhiteElo "2495"]
[BlackElo "2599"]

1.d4 Nf6 2.c4 e6 3.Nf3 d5 4.Nc3 c6 5.e3 Nbd7 6.Qc2 Bd6 7.Bd3 O-O 8.O-O dxc4
9.Bxc4 a6 10.Rd1 b5 11.Be2 Qc7 12.Ne4 Nxe4 13.Qxe4 Be7 14.Bd2 Bb7 15.Rac1 c5
16.Qb1 Qb6 17.dxc5 Nxc5 18.Bc3 Be4 19.Qa1 b4 20.Bd4 Rac8 21.Nd2 Bf5 22.Rc4 Qb8
23.b3 f6 24.Rdc1 Bd3 25.Bxd3 Nxd3 26.Rxc8 Rxc8 27.Rxc8+ Qxc8 28.Nc4 e5 29.Qf1 exd4
30.Qxd3 dxe3 31.fxe3  1/2-1/2

[Event "4th Open A"]
[Site "Moscow RUS"]
[Date "2008.02.06"]
[Round "5"]
[White "Volkov,Sergey1"]
[Black "Svetushkin,D"]
[Result "1-0"]
[WhiteElo "2623"]
[BlackElo "2565"]

1.d4 d5 2.c4 c6 3.Nc3 Nf6 4.e3 e6 5.Nf3 a6 6.a3 Nbd7 7.b4 Bd6 8.Bb2 O-O 9.Qb3 Qe7
10.h3 dxc4 11.Bxc4 e5 12.g4 a5 13.g5 Ne8 14.b5 exd4 15.Nxd4 Ne5 16.Be2 c5
17.Nf3 Nxf3+ 18.Bxf3 Qxg5 19.Ne4 Qe7 20.Nxd6 Qxd6 21.Rg1 Rb8 22.Rd1 Qe7 23.Qd5 g6
24.Bh5 Qe6 25.Qxc5 Ng7 26.Be2 Qe8 27.h4 f6 28.h5 Be6 29.hxg6 hxg6 30.Qb6 a4
31.Rd6 Rd8 32.Rxd8 Qxd8 33.Qxd8 Rxd8 34.Rxg6 Rc8 35.Rxf6 Rc2 36.Bd4 Bf7 37.Bd3  1-0

[Event "Velammal 45th National A ch-IND"]
[Site "Chennai IND"]
[Date "2008.02.07"]
[Round "5"]
[White "Ashwin,J"]
[Black "Imocha,L"]
[Result "1/2-1/2"]
[WhiteElo "2478"]
[BlackElo "2240"]

1.Nf3 Nf6 2.c4 e6 3.d4 d5 4.Nc3 c6 5.e3 Nbd7 6.Qc2 Be7 7.b3 b6 8.Bd3 Bb7
9.Bb2 Rc8 10.O-O Qc7 11.Rad1 h6 12.Qe2 Bb4 13.a3 Be7 14.e4 dxe4 15.Nxe4 Nxe4
16.Bxe4 Nf6 17.Bb1 O-O 18.Rfe1 Rfd8 19.Qc2 Kf8 20.Ne5 a5 21.Rd3 Bd6 22.c5 Bxe5
23.dxe5 Nd5 24.Rf3 Ke7 25.Qh7 Rg8 26.Bc1 Rcf8 27.Rg3 Rh8 28.Qxg7 Qc8 29.Rf3 Ke8
30.Bh7 Qd8 31.Bxh6 Qh4 32.Re4 Qh5 33.g4 Qh4 34.Kg2 Ba6 35.cxb6 Nxb6 36.Ref4 Be2
37.Rg3 Nd5 38.Rxf7 Rxf7 39.Qxh8+ Ke7 40.Qb8 Qxh6 41.Qd6+ Ke8 42.Qb8+ Kd7
43.Qa7+ Nc7 44.Bd3 Qd2 45.Qd4+ Nd5 46.Qa7+ Nc7  1/2-1/2

[Event "4th Open A"]
[Site "Moscow RUS"]
[Date "2008.02.07"]
[Round "6"]
[White "Liberzon,R"]
[Black "Samedov,A"]
[Result "1-0"]
[WhiteElo "2240"]
[BlackElo "2094"]

1.c4 c6 2.Nf3 Nf6 3.d4 d5 4.Nc3 e6 5.e3 Bb4 6.Bd3 dxc4 7.Bxc4 Nbd7 8.O-O O-O
9.Qe2 Re8 10.Rd1 Qc7 11.e4 Bxc3 12.bxc3 b5 13.Bd3 e5 14.Bg5 a6 15.Bxf6 Nxf6
16.Nxe5 Rxe5 17.dxe5 Qxe5 18.Rf1 Bg4 19.f3 Bh5 20.a4 Rc8 21.Qe3 Qxc3 22.axb5 axb5
23.Rfc1 Qb3 24.Rxc6 Rd8 25.Qd4 Re8 26.Rb1 Qa2 27.Rxb5 Bg6 28.Qc3 Qa8  1-0

[Event "4th Open A"]
[Site "Moscow RUS"]
[Date "2008.02.07"]
[Round "6"]
[White "Shkurikhin,I"]
[Black "Sveshnikov,E"]
[Result "1/2-1/2"]
[WhiteElo "2371"]
[BlackElo "2506"]

1.d4 d5 2.c4 e6 3.Nf3 Nf6 4.Nc3 c6 5.e3 Nbd7 6.Qc2 Bd6 7.g4 Nxg4 8.Rg1 Nxh2
9.Nxh2 Bxh2 10.Rxg7 Nf8 11.Rg2 Bc7 12.e4 Ng6 13.Bg5 f6 14.Bh6 dxe4 15.d5 f5
16.Bg5 Qd6 17.O-O-O O-O 18.Be2 Bd7 19.f3 exf3 20.Bxf3 Qb4 21.Qe2 cxd5 22.cxd5 Bf4+
23.Kb1 Rae8 24.a3 Qd6 25.dxe6 Rxe6 26.Rxd6 Rxe2 27.Rxg6+ hxg6 28.Nxe2 Bxg5
29.Rxg5 Kh7 30.Nf4 Rf6 31.Bxb7 Kh6 32.Rg1 Rb6 33.Bd5 g5 34.Rh1+ Kg7 35.Ne2 f4
36.Kc2 Bc6 37.Bxc6 Rxc6+ 38.Kd3 Kg6 39.Nd4 Rc8 40.Re1 g4 41.Rf1 f3 42.Ke3 Kg5
43.Ne6+ Kf5 44.Nd4+ Kg5  1/2-1/2

[Event "4th Open C Women"]
[Site "Moscow RUS"]
[Date "2008.02.07"]
[Round "6"]
[White "Malgina Sterliagova,T"]
[Black "Zhukova,N"]
[Result "1/2-1/2"]
[WhiteElo "2374"]
[BlackElo "2443"]

1.d4 d5 2.c4 c6 3.Nf3 Nf6 4.Nc3 e6 5.e3 Nbd7 6.Qc2 Bd6 7.g4 h6 8.Rg1 e5 9.cxd5 cxd5
10.dxe5 Nxe5 11.Nxe5 Bxe5 12.h3 O-O 13.Bd2 Ne4 14.Nxe4 dxe4 15.Qxe4 Bxb2
16.Rb1 Bf6 17.Bd3 g6 18.Bc4 Kg7 19.Bb4 Re8 20.Qd5 Be6 21.Qxd8 Raxd8 22.Bxe6 Rxe6
23.Ke2 Rc8 24.Rgc1 Rec6 25.Rxc6 Rxc6 26.Kd3 g5 27.a3 Kg6 28.f4 gxf4 29.exf4 b6
30.Re1 Rc8 31.Bd2 Rd8+ 32.Kc2 Rc8+ 33.Kd3 Rd8+ 34.Kc2 Rc8+  1/2-1/2

[Event "16th FAJR Open"]
[Site "Urmia IRI"]
[Date "2008.02.07"]
[Round "8"]
[White "Zeynalov,F"]
[Black "Sulashvili,M"]
[Result "1/2-1/2"]
[WhiteElo "2269"]
[BlackElo "2482"]

1.d4 d5 2.c4 e6 3.Nc3 c6 4.e3 Nf6 5.Nf3 a6 6.Qc2 c5 7.cxd5 exd5 8.dxc5 Bxc5
9.Be2 Nc6 10.a3 O-O 11.O-O Qe7 12.b4 Ba7 13.Bb2 Bg4 14.b5 axb5 15.Nxb5 Bb8
16.Nbd4 Nxd4 17.Bxd4 Ne4 18.Qb2 f5 19.Rfb1 Rf7 20.Qa2 Ra5 21.Rc1 Bc7 22.g3 h6
23.Qb2 Bd6 24.a4 Ra8 25.Bd1 Qe6 26.Qa2 Raf8 27.Ne1 Bxd1 28.Rxd1 f4 29.exf4 g5
30.f5 Rxf5 31.Nd3 g4 32.Re1 Kh7 33.Rab1 R8f7 34.Rb5 h5 35.Nc5 Bxc5 36.Rxc5 Nxc5
37.Rxe6 Nxe6 38.Be3 Ng5 39.Bxg5 Rxg5 40.Kf1 Rgf5 41.Ke1  1/2-1/2

[Event "FSIMB February"]
[Site "Budapest HUN"]
[Date "2008.02.08"]
[Round "7"]
[White "Adams,N"]
[Black "Farago,S"]
[Result "0-1"]
[WhiteElo "2245"]
[BlackElo "2247"]

1.d4 d5 2.c4 c6 3.Nc3 Nf6 4.e3 e6 5.Nf3 Nbd7 6.Bd3 Bd6 7.O-O O-O 8.e4 dxc4
9.Bxc4 e5 10.Bb3 Qe7 11.Re1 Bc7 12.Bg5 Rd8 13.Qc2 h6 14.Bh4 Bb6 15.dxe5 Nxe5
16.Nxe5 Qxe5 17.Bg3 Qg5 18.Na4 Rd2 19.Qc3 Bd4 20.Qf3 Bg4 21.h4 Qg6 22.Qf4 Rd3
23.e5 Nh5 24.Bxf7+ Qxf7 25.Qxg4 Nxg3 26.e6 Bxf2+ 27.Kh2 Qc7  0-1

[Event "Velammal 45th National A ch-IND"]
[Site "Chennai IND"]
[Date "2008.02.08"]
[Round "6"]
[White "Ashwath,R"]
[Black "Mohota,N"]
[Result "0-1"]
[WhiteElo "2332"]
[BlackElo "2409"]

1.d4 d5 2.c4 e6 3.Nf3 Nf6 4.Nc3 c6 5.e3 a6 6.Qc2 c5 7.cxd5 exd5 8.dxc5 Bxc5
9.Be2 Nc6 10.O-O O-O 11.Rd1 Nb4 12.Qb1 g6 13.b3 Bf5 14.Qb2 Nc2 15.e4 Nxe4
16.Nxd5 Nxf2 17.Be3 Nxd1 18.Rxd1 Nxe3  0-1

[Event "Velammal 45th National A ch-IND"]
[Site "Chennai IND"]
[Date "2008.02.08"]
[Round "6"]
[White "Sharma,RP"]
[Black "Imocha,L"]
[Result "1-0"]
[WhiteElo "2314"]
[BlackElo "2240"]

1.Nf3 d5 2.d4 Nf6 3.c4 e6 4.Nc3 c6 5.e3 Nbd7 6.Qc2 Bd6 7.g4 h6 8.Bd2 Nxg4
9.Rg1 Nxh2 10.Nxh2 Bxh2 11.Rxg7 Qf6 12.Rg2 Bd6 13.O-O-O dxc4 14.Ne4 Qe7 15.Bxc4 b5
16.Be2 Bb7 17.Rg7 a6 18.Bh5 Rf8 19.Rdg1 Nf6 20.Bxf7+ Rxf7 21.Nxd6+ Qxd6 22.Rxf7 Kxf7
23.Qg6+ Ke7 24.Qg7+ Kd8 25.Ba5+ Kc8 26.Qh8+  1-0

[Event "Velammal 45th National A ch-IND"]
[Site "Chennai IND"]
[Date "2008.02.08"]
[Round "6"]
[White "Karthikeyan,P"]
[Black "Arun Prasad,S"]
[Result "0-1"]
[WhiteElo "2327"]
[BlackElo "2423"]

1.d4 d5 2.c4 c6 3.Nc3 Nf6 4.Nf3 e6 5.e3 Nbd7 6.Qc2 Bd6 7.g4 dxc4 8.Bxc4 e5
9.Bd2 exd4 10.Nxd4 O-O 11.O-O-O Ne5 12.Be2 Nexg4 13.Rdf1 Nd5 14.Nf5 Ngf6
15.Rhg1 g6 16.Nxd6 Qxd6 17.f4 Nb4 18.Qb3 Be6 19.Bc4 Nd3+ 20.Kc2 Nc5 21.Bxe6 Nxb3
22.Bxb3 Rad8 23.Rf2 Kg7 24.f5 b5 25.a3 a5 26.Be1 b4 27.fxg6 fxg6 28.Rgf1 Qd3+
29.Kc1 Qxe3+ 30.Kb1 Nd5  0-1